000 00247nmm a2200085Ia 4500
008 220120s9999||||xx |||||||||||||||||und||
100 _aCallister, William, D
_9432
245 0 _aCallister`s material scinece and engineering
260 _aTata mcgraw hill
999 _c139498
_d139498